| 000 | 00791cam a22002291 4500 | ||
|---|---|---|---|
| 001 | ne 68004139 | ||
| 003 | DLC | ||
| 005 | 20260227111849.0 | ||
| 008 | 900913s1968 ua 000 0 arar | ||
| 010 | _ane 68004139 | ||
| 025 | _aPL480:UAR-9754 | ||
| 035 | _a(OCoLC)22369764 | ||
| 040 |
_aDLC _cWaU _dDLC |
||
| 042 | _apremarc | ||
| 043 | _aa-ye--- | ||
| 050 | 0 | 0 |
_aPJ6871 _b.K3 |
| 100 | 1 | _aKāmil, Murād. | |
| 245 | 1 | 3 |
_aal-Lahajāt al-ʻArabīyah al-ḥadīthah fī al-Yaman, _cmuḥāḍarāt alqāha Murād Kāmil ʻalá ṭalibat qism al-dirāsāt al-adabīyah wa-al-lughawīyah. |
| 260 |
_a[al-Qāhirah] _bJāmiʻat al-Duwal al-ʻArabīyah, Maʻhad al-Buḥūth wa-al-Dirāsāt al-ʻArabīyah, _c1968. |
||
| 300 |
_a95 p. _c24 cm |
||
| 650 | 0 |
_aArabic language _xDialects _zYemen. |
|
| 999 |
_c50949 _d50949 |
||